000 00749nam a2200217Ia 4500
003 GCL
008 140319s9999 xx 000 0 ara d
040 _aGCL /
_cGCL
082 0 4 _a920.71
_bا ص
100 1 _aاحمد محمد عوف
245 1 0 _aصناع الحضارة العلمية فى الاسلام /
_cاحمد محمد عوف
300 _aمتعدد
490 _aسلسلة العلم والحياة
_v0
650 0 4 _aالحضارة العربية الاسلامية - المعارف البحرية
650 0 4 _aالتراجم
650 0 4 _aالعلوم عند العرب
650 0 4 _aالعلماء المسلمون
650 0 4 _aالحضارة الاسلامية
650 0 4 _aالرجال - تراجم
942 _2ddc
_cBK
999 _c49996
_d49996